000 00938nam a2200277 i 4500
001 7887
003 ES-MaACL
005 20230906145332.0
007 t|
008 910517s1986 sp ab |||| | spa d
020 _a84-86022-24-X
080 _a74 Wyngaerde, Anton van den
080 _a914.60-21"15"(0:74)
245 0 0 _aCiudades del Siglo de Oro
_b: las vistas españolas de Anton Van den Wyngaerde /
_cdirigido por Richard L. Kagan.
260 _a[Madrid] :
_bEl Viso,
_c[1986]
300 _a427 p. :
_bil. col., mapa ;
_c30 x 31 cm.
500 _aÍndice.
504 _aBibliografía: p. 404-408.
600 1 4 _aWyngaerde, Anton Van den.
_9117478
650 4 _aCiudades-
_zEspaña-
_yS.XVI.
_911074
650 4 _aCiudades-
_xEn el arte.
_9158832
651 4 _aEspaña-
_vObras ilustradas.
_98388
700 1 _aKagan, Richard L.
_967404
700 1 _aWyngaerde, Anton Van den.
_9117478
852 _aES-MaACL
_jL-15151
_z- Enc. tela
999 _c7887
_d7887